000 00872cam a22002893a 4500
001 26303
003 PGUSA
005 20140828083551.0
008 080801s2008||||xxu|||||s|||||000 1 eng d
040 _aPGUSA
_beng
042 _adc
050 4 _aPR
100 1 _aWodehouse, P. G.
_q(Pelham Grenville),
_d1881-1975
245 1 0 _aRight Ho, Jeeves
_h[electronic resource] /
_cP. G. Wodehouse
260 _bProject Gutenberg,
_c2008
506 _aPublic domain in the USA.
516 _aElectronic text
653 _aWooster, Bertie (Fictitious character) -- Fiction
653 _aHumorous stories
653 _aEngland -- Fiction
653 _aValets -- Fiction
653 _aSingle men -- Fiction
653 _aJeeves (Fictitious character) -- Fiction
830 0 _aProject Gutenberg
_v26303
856 4 0 _uhttp://www.gutenberg.org/ebooks/26303
942 _cEB
999 _c255558
_d255558